000 00866nam0a2200265 4500
001 RU\NLR\bibl\805849
005 20250614131128.0
010 _a5-85574-173-7
_9100
035 _a(NLR Aleph) 000794978
090 _a1145279
_c1145279
100 _a20050601d2005 |||y0rusy50 ca
101 0 _arus
102 _aRU
105 _aa |||||||||
200 1 _aБескрылые ангелы
_eсборник стихов
_fСабина Велиева
210 _aСанкт-Петербург
_cИзд-во Александра Сазанова
_cРоза мира
_d2005
215 _a[1], 16, [1] с.
_cил., портр.
_d21
686 _aШ6(2=Р)75-5
700 1 _aВелиева
_bС.
_f1983-
_gСабина
_4070
801 0 _aRU
_bNLR
_c20050601
_gPSBO
801 1 _aRU
_bNLR
_c20050601
942 _cBOOK
980 _aNB